ESCUELA DALY DE HOSTELERIA Y TURISMO: REGIDURIA DE PISOS (TOMO 3) (Registro nro. 237096)
[ vista simple ]
| 000 -LEADER | |
|---|---|
| campo de control de longitud fija | 00530nam a2200205Ia 4500 |
| 005 - FECHA Y HORA DE LA ÚLTIMA TRANSACCIÓN | |
| campo de control | 20250425162823.0 |
| 008 - DATOS DE LONGITUD FIJA--INFORMACIÓN GENERAL | |
| campo de control de longitud fija | 250425s9999 xx 000 0 und d |
| 020 ## - NÚMERO INTERNACIONAL ESTÁNDAR DEL LIBRO | |
| Número Internacional Estándar del Libro | 8486584701 |
| 041 ## - CÓDIGO DE IDIOMA | |
| Código de lengua del texto/banda sonora o título independiente | spa |
| 044 ## - CÓDIGO DEL PAÍS DE LA ENTIDAD EDITORA/PRODUCTORA | |
| Código MARC del país | sp |
| 010 ## - NÚMERO DE CONTROL DE LA BIBLIOTECA DEL CONGRESO | |
| Número de control de LC | 110334 |
| 100 ## - ENTRADA PRINCIPAL--NOMBRE DE PERSONA | |
| Nombre de persona | FERNANDEZ GARCIA, DAVID |
| 245 #0 - MENCIÓN DEL TÍTULO | |
| Título | ESCUELA DALY DE HOSTELERIA Y TURISMO: REGIDURIA DE PISOS (TOMO 3) |
| 250 ## - MENCION DE EDICION | |
| Mención de edición | 1A ED. |
| 264 ## - PRODUCCIÓN, PUBLICACIÓN, DISTRIBUCIÓN, FABRICACIÓN Y COPYRIGHT | |
| Producción, publicación, distribución, fabricación y copyright | España, MALAGA |
| Nombre del de productor, editor, distribuidor, fabricante | DALY S.L. |
| Fecha de producción, publicación, distribución, fabricación o copyright | 1994. |
| 300 ## - DESCRIPCIÓN FÍSICA | |
| Extensión | 120 |
| 362 ## - FECHAS DE PUBLICACIÓN Y/O DESIGNACIÓN SECUENCIAL | |
| Fecha de publicación y/o designación secuencial | 3 |
| 650 ## - PUNTO DE ACCESO ADICIONAL DE MATERIA--TÉRMINO DE MATERIA | |
| Término de materia o nombre geográfico como elemento de entrada | RESTAURANTES, HOTELES Y SERVICIOS |
| 942 ## - ELEMENTOS DE ENTRADA SECUNDARIOS (KOHA) | |
| Tipo de ítem Koha | Libros |
| Estatus retirado | Estado de pérdida | Estado de daño | No para préstamo | Biblioteca de origen | Biblioteca actual | Fecha de adquisición | Coste, precio normal de compra | Total de préstamos | Código de barras | Copia número | Tipo de ítem Koha | Nota pública |
|---|---|---|---|---|---|---|---|---|---|---|---|---|
| CENTRO DE INFORMACIÓN BIBLIOTECARIA | CENTRO DE INFORMACIÓN BIBLIOTECARIA | 20/05/2005 | 40.00 | 60512 | 1 | Libros | ESPOL.FIMCBOR:TURISMO |